[Event "Sparkassen-Open A"]
[Site "Heusenstamm, Martinsee"]
[Date "2025.11.23"]
[Round "6.6"]
[White "Doll, Alexander"]
[Black "Sydykov, Bayastan"]
[Result "0-1"]
[WhiteElo "2234"]
[BlackElo "2354"]
[PlyCount "58"]
[EventDate "2025.11.20"]
[WhiteTeam "SC Untergrombach 46"]
[BlackTeam "SC Viernheim 1934 e.V."]

1. e4 e6 2. d4 d5 3. Nd2 a6 4. Bd3 c5 5. dxc5 Bxc5 6. Ngf3 Nf6 7. O-O Nc6 8. exd5 exd5 9. Re1+ Be7 10. c3 O-O 11. h3 Bd6 12. Nb3 h6 13. Qc2 Bd7 14. Nbd4 Re8 15. Bd2 Qb6 16. Be3 Qc7 17. Nxc6 bxc6 18. c4 c5 19. Qd2 dxc4 20. Bxc4 Bc6 21. Nh4 Re4 22. Nf5 Bh2+ 23. Kh1 Rxc4 24. Bxh6 Ne4 25. Rxe4 Bxe4 26. Nxg7 Qd6 27. Qg5 Qg6 28. Qxg6 Bxg6 29. Kxh2 Kh7 0-1

[Event "Sparkassen-Open A"]
[Site "Heusenstamm, Martinsee"]
[Date "2025.11.23"]
[Round "6.7"]
[White "Chassard, Cedric"]
[Black "Kersten, Uwe"]
[Result "1-0"]
[WhiteElo "2276"]
[BlackElo "2178"]
[PlyCount "47"]
[EventDate "2025.11.20"]
[WhiteTeam "TSV Schott Mainz"]
[BlackTeam "Kasseler SK 1876"]

1. d4 c5 2. d5 g6 3. e4 Bg7 4. Nf3 d6 5. Bb5+ Nd7 6. a4 Ngf6 7. Nc3 O-O 8. O-O a6 9. Be2 b6 10. Re1 Ne8 11. Be3 Nc7 12. Nd2 Bb7 13. Nc4 f5 14. exf5 Bxc3 15. bxc3 Nxd5 16. fxg6 hxg6 17. Bh6 Nf4 18. Bf1 Rf7 19. Qg4 e5 20. Nxd6 Nf6 21. Nxf7 Kxf7 22. Qh4 Qd5 23. Bxf4 exf4 24. Qxf4 1-0

[Event "Sparkassen-Open A"]
[Site "Heusenstamm, Martinsee"]
[Date "2025.11.23"]
[Round "6.8"]
[White "Vranckx, Oscar"]
[Black "Browning, Alex"]
[Result "1/2-1/2"]
[WhiteElo "2073"]
[BlackElo "2283"]
[PlyCount "93"]
[EventDate "2025.11.20"]
[WhiteTeam "Sfr.Mainz 1928"]
[BlackTeam "SG Porz e. V."]

1. e4 c5 2. Nf3 d6 3. d4 cxd4 4. Nxd4 Nf6 5. Nc3 Nc6 6. Bc4 e6 7. Be3 Bd7 8. Qe2 a6 9. Bb3 Na5 10. f3 h5 11. O-O-O Rc8 12. Qd3 b5 13. Rhe1 Nxb3+ 14. axb3 Qa5 15. f4 b4 16. Nb1 Be7 17. Bg1 O-O 18. e5 dxe5 19. Rxe5 Qc7 20. g3 Bd6 21. Re2 Nd5 22. Red2 Qb7 23. Nf5 Bb8 24. Ne7+ Nxe7 25. Qxd7 Rc7 26. Qd3 Ba7 27. Bxa7 Qxa7 28. Qe4 Nd5 29. Re1 g6 30. f5 gxf5 31. Qf3 Rc6 32. Qxh5 f6 33. g4 Nf4 34. Qh6 e5 35. gxf5 Rfc8 36. Qh4 Qh7 37. Rg1+ Kh8 38. Qxh7+ Kxh7 39. Rg4 Kh6 40. c4 a5 41. Rd7 a4 42. Nd2 axb3 43. Kb1 Rxc4 44. Nxc4 Rxc4 45. Rd8 Kh7 46. Rd7+ Kh6 47. Rd8 1/2-1/2

[Event "Sparkassen-Open A"]
[Site "Heusenstamm, Martinsee"]
[Date "2025.11.23"]
[Round "6.9"]
[White "Hötte, Philipp"]
[Black "Hacker, Jonas"]
[Result "1/2-1/2"]
[WhiteElo "2087"]
[BlackElo "2352"]
[PlyCount "68"]
[EventDate "2025.11.20"]
[WhiteTeam "LSV Turm Lippstadt"]
[BlackTeam "SC Eppingen"]

1. Nf3 d5 2. g3 g6 3. Bg2 Bg7 4. O-O Nf6 5. d3 O-O 6. Nbd2 Nc6 7. e4 e5 8. c3 a5 9. Re1 a4 10. exd5 Nxd5 11. Nc4 Re8 12. Ng5 h6 13. Qf3 Nf6 14. Ne4 Nd7 15. g4 Nf6 16. Nxf6+ Qxf6 17. Qxf6 Bxf6 18. h3 Bg7 19. d4 Bd7 20. Nxe5 Nxe5 21. dxe5 Bxe5 22. Bxh6 a3 23. bxa3 Rxa3 24. Bxb7 Bxc3 25. Rxe8+ Bxe8 26. Rc1 Bd4 27. Rxc7 Rxa2 28. Rc8 Bxf2+ 29. Kf1 Kh7 30. Rxe8 Kxh6 31. Bd5 Rd2 32. Bxf7 Kg7 33. Bxg6 Kxg6 34. Re2 Rxe2 1/2-1/2

[Event "Sparkassen-Open A"]
[Site "Heusenstamm, Martinsee"]
[Date "2025.11.23"]
[Round "6.10"]
[White "Hagner, Bennet"]
[Black "Perske, Paul"]
[Result "1/2-1/2"]
[WhiteElo "2461"]
[BlackElo "2184"]
[PlyCount "107"]
[EventDate "2025.11.20"]
[WhiteTeam "OSG Baden-Baden"]
[BlackTeam "Sfr.Heidesheim"]

1. g3 d5 2. Nf3 g6 3. Bg2 Bg7 4. O-O Nf6 5. b3 O-O 6. Bb2 c5 7. d3 Nc6 8. Ne5 Nxe5 9. Bxe5 Bd7 10. Nd2 Bc6 11. a3 Rc8 12. e3 Re8 13. Qe2 Bf8 14. f4 d4 15. Bxc6 bxc6 16. Bxf6 dxe3 17. Bc3 exd2 18. Qe5 f6 19. Qxc5 e5 20. Qf2 Qd5 21. fxe5 fxe5 22. Bxd2 Bc5 23. Be3 Rf8 24. Qe2 e4 25. Bxc5 Qxc5+ 26. Kg2 e3 27. c4 Qd4 28. Rae1 Rxf1 29. Rxf1 Rd8 30. Rf3 Re8 31. b4 Kg7 32. a4 a6 33. h3 Re7 34. Kh2 Re8 35. Kg2 Re7 36. Kh2 Re8 37. h4 h5 38. Kg2 Re7 39. Kh2 Re8 40. Kg2 Re7 41. b5 cxb5 42. cxb5 axb5 43. axb5 Kh7 44. Kh2 Qc5 45. Kh3 Qd4 46. Kh2 Qc5 47. Kh3 Qd4 48. Kg2 Kg7 49. Kh2 Kh7 50. Rf8 Qc3 51. Kg2 Qd2 52. Rf2 Qb4 53. Rf3 Qd2 54. Rf2 1/2-1/2

[Event "Sparkassen-Open A"]
[Site "Heusenstamm, Martinsee"]
[Date "2025.11.23"]
[Round "6.11"]
[White "Marcziter, Alex"]
[Black "Mastiuk, Ivan"]
[Result "0-1"]
[WhiteElo "2206"]
[BlackElo "1828"]
[PlyCount "84"]
[EventDate "2025.11.20"]
[WhiteTeam "Schachgemeinschaft Porz e. V."]
[BlackTeam "SK 1858 Gießen"]

1. e4 c6 2. Nc3 d5 3. Nf3 Bg4 4. h3 Bh5 5. exd5 cxd5 6. Bb5+ Nc6 7. g4 Bg6 8. Ne5 Rc8 9. d4 e6 10. Qe2 Bb4 11. h4 Nge7 12. h5 Be4 13. f3 O-O 14. Bxc6 Nxc6 15. Nxc6 Rxc6 16. Kf2 Qf6 17. Kg2 Qxd4 18. Nb5 Qc4 19. Qxc4 Rxc4 20. fxe4 a6 21. c3 axb5 22. cxb4 Rxe4 23. Kf3 f5 24. g5 Rc8 25. a4 Rxb4 26. axb5 Rb3+ 27. Kf4 Kf7 28. Ra3 Rc4+ 29. Ke5 Ke7 30. Re1 Rbb4 31. Rae3 Rxb5 32. b3 Rg4 33. Ba3+ Kd7 34. Rc3 b6 35. h6 d4+ 36. Rc5 bxc5 37. hxg7 Rxg5 38. Kf6 Rg6+ 39. Kf7 Kd6 40. Bxc5+ Rxc5 41. Rxe6+ Rxe6 42. g8=Q Rc7+ 0-1

[Event "Sparkassen-Open A"]
[Site "Heusenstamm, Martinsee"]
[Date "2025.11.23"]
[Round "6.12"]
[White "Golubka, Petro"]
[Black "Spiric, Igor"]
[Result "1-0"]
[WhiteElo "2389"]
[BlackElo "2174"]
[PlyCount "65"]
[EventDate "2025.11.20"]
[WhiteTeam "SC Heimbach-Weis/Neuwied e.V."]
[BlackTeam "SC Diogenes e.V."]

1. d4 Nf6 2. c4 c5 3. d5 e6 4. Nc3 exd5 5. cxd5 d6 6. e4 g6 7. f4 Bg7 8. e5 dxe5 9. fxe5 Nfd7 10. e6 fxe6 11. dxe6 Bxc3+ 12. bxc3 Qh4+ 13. g3 Qe4+ 14. Qe2 Qxe2+ 15. Nxe2 Nf8 16. Nf4 Nxe6 17. Bc4 Nxf4 18. Bxf4 Bf5 19. O-O-O Nd7 20. Rhe1+ Kd8 21. Be6 Bxe6 22. Rxe6 Rf8 23. Bg5+ Kc8 24. Re7 Nb6 25. Bf4 a6 26. Rxh7 g5 27. Bd6 Rf6 28. Be5 Rf8 29. Bd6 Rf6 30. Rh8+ Kd7 31. Be5+ Ke6 32. Bxf6 Kxf6 33. Rh6+ 1-0

[Event "Sparkassen-Open A"]
[Site "Heusenstamm, Martinsee"]
[Date "2025.11.23"]
[Round "6.13"]
[White "Hourigan, Gerrit"]
[Black "Lauer, Marius"]
[Result "1/2-1/2"]
[WhiteElo "2279"]
[BlackElo "2151"]
[PlyCount "51"]
[EventDate "2025.11.20"]
[WhiteTeam "SF Hamburg e.V. 1934"]
[BlackTeam "SK Kaiserslautern 1905"]

1. d4 d5 2. c4 c5 3. cxd5 Qxd5 4. Nf3 cxd4 5. Nc3 Qa5 6. Nxd4 Nf6 7. a3 e5 8. Nb3 Qc7 9. Bg5 Be7 10. Rc1 Nc6 11. Bxf6 Bxf6 12. Nd5 Qd6 13. Nc5 Bd8 14. g3 O-O 15. Bg2 Kh8 16. O-O Rb8 17. e3 b6 18. Ne4 Qe6 19. Qa4 Qxd5 20. Rfd1 b5 21. Qc2 Nd4 22. exd4 exd4 23. Qd2 Bb6 24. Nc5 Qh5 25. Qf4 Bh3 26. Bf3 1/2-1/2

[Event "Sparkassen-Open A"]
[Site "Heusenstamm, Martinsee"]
[Date "2025.11.23"]
[Round "6.14"]
[White "Panjer, Sidney"]
[Black "Özdemir, Ali Özden"]
[Result "1-0"]
[WhiteElo "2287"]
[BlackElo "2049"]
[PlyCount "53"]
[EventDate "2025.11.20"]
[WhiteTeam "Krefelder SK Turm 1851 e"]
[BlackTeam "SK Langen"]

1. d4 Nf6 2. c4 g6 3. Nc3 Bg7 4. e4 d6 5. Nf3 O-O 6. Be2 e5 7. d5 a5 8. Bg5 h6 9. Be3 Ng4 10. Bd2 f5 11. h3 Nf6 12. exf5 gxf5 13. Qc1 f4 14. g3 Nh5 15. g4 Nf6 16. Qc2 Qe8 17. g5 hxg5 18. Nxg5 Bh6 19. Rg1 Kh8 20. O-O-O Rg8 21. Ne6 Bxe6 22. dxe6 Qxe6 23. Rg6 Bg7 24. Nd5 Na6 25. Nxf6 Bxf6 26. Rh6+ Kg7 27. Qg6+ 1-0

[Event "Sparkassen-Open A"]
[Site "Heusenstamm, Martinsee"]
[Date "2025.11.23"]
[Round "6.15"]
[White "Commercon, Simon"]
[Black "Mester, Philipp"]
[Result "0-1"]
[WhiteElo "2198"]
[BlackElo "2285"]
[PlyCount "70"]
[EventDate "2025.11.20"]
[WhiteTeam "SK Kaiserslautern 1905"]
[BlackTeam "SVG CAISSA Kassel"]

1. c4 e6 2. g3 d5 3. Bg2 d4 4. e3 Nc6 5. Nf3 Nh6 6. O-O Nf5 7. e4 Nfe7 8. d3 Ng6 9. Na3 h5 10. h4 e5 11. Ng5 f6 12. Nh3 Bg4 13. f3 Be6 14. Nc2 Qd7 15. Kh2 Be7 16. Qe1 a5 17. Bd2 Nf8 18. f4 Bg4 19. a3 exf4 20. gxf4 g5 21. hxg5 fxg5 22. Nxg5 Bxg5 23. fxg5 Ne5 24. Bf4 Nxd3 25. Qd2 Nxf4 26. Rxf4 Ne6 27. Rf6 Qd6+ 28. Kg1 Qe5 29. Raf1 O-O-O 30. R6f5 Bxf5 31. exf5 d3 32. Ne1 Nd4 33. Nxd3 Ne2+ 34. Kf2 Qg3+ 35. Kxe2 Rhe8+ 0-1

[Event "Sparkassen-Open A"]
[Site "Heusenstamm, Martinsee"]
[Date "2025.11.23"]
[Round "6.16"]
[White "Eilers, Stefan"]
[Black "Wolf, Ulrich Martin"]
[Result "1/2-1/2"]
[WhiteElo "2280"]
[BlackElo "2137"]
[PlyCount "88"]
[EventDate "2025.11.20"]
[WhiteTeam "SAbt SG 1945 Dietzenbach"]
[BlackTeam "SK Bad Homburg 1927"]

1. d4 Nf6 2. Bg5 e6 3. Nd2 h6 4. Bh4 g5 5. Bg3 Bg7 6. e3 d6 7. h4 Nc6 8. c3 Qe7 9. Be2 e5 10. Qb3 O-O 11. hxg5 hxg5 12. d5 Nb8 13. e4 a5 14. Ngf3 Nh7 15. Nh2 Nf6 16. c4 Na6 17. Qe3 Nc5 18. Qxg5 Nxd5 19. Qh5 Nf4 20. Bxf4 exf4 21. Ng4 Re8 22. f3 Bxg4 23. Qxg4 Qf6 24. Rd1 Re5 25. Rh4 Rg5 26. Qxf4 Qxf4 27. Rxf4 Rxg2 28. Kf1 Rh2 29. Rg4 a4 30. Nb1 Kf8 31. Rd2 Ra6 32. Kg1 Rh8 33. Na3 Bh6 34. Rd5 Be3+ 35. Kg2 Ne6 36. c5 Rc6 37. cxd6 cxd6 38. Kg3 Rc1 39. Rd1 Rh1 40. Rxh1 Rxh1 41. Bb5 Nd4 42. Bxa4 Rg1+ 43. Kh3 Rh1+ 44. Kg2 Rg1+ 1/2-1/2

[Event "Sparkassen-Open A"]
[Site "Heusenstamm, Martinsee"]
[Date "2025.11.23"]
[Round "6.17"]
[White "Heimrath, Reiner"]
[Black "Berkes, Alexander"]
[Result "0-1"]
[WhiteElo "2149"]
[BlackElo "2043"]
[PlyCount "120"]
[EventDate "2025.11.20"]
[WhiteTeam "SC Noris-Tarrasch Nürnberg 1873"]
[BlackTeam "SK Langen"]

1. e4 e6 2. Qe2 c5 3. g3 Nc6 4. Bg2 g6 5. h4 h5 6. Nh3 d6 7. d3 Bg7 8. c3 Nge7 9. Na3 e5 10. f4 Bg4 11. Bf3 Bxf3 12. Qxf3 Qd7 13. Be3 O-O-O 14. O-O-O b6 15. Kb1 d5 16. Ng5 Rdf8 17. exd5 Qxd5 18. Nc4 Qxf3 19. Nxf3 Nf5 20. fxe5 Nxe3 21. Nxe3 Nxe5 22. Rhf1 f5 23. Nd5 Kd7 24. Ng5 Bh6 25. Nh3 Ke6 26. c4 Kf7 27. b4 Nc6 28. b5 Nd4 29. Rde1 Re8 30. Nhf4 Bxf4 31. Nxf4 Ne6 32. Nh3 Nd4 33. Ng5+ Kf6 34. Ne4+ Kg7 35. Ng5 Ne2 36. Kc2 Nxg3 37. Rg1 Ne2 38. Rh1 Nd4+ 39. Kb2 Kf6 40. Nh7+ Kg7 41. Ng5 Re2+ 42. Rxe2 Nxe2 43. Re1 Re8 44. a4 Re7 45. a5 Kf6 46. axb6 axb6 47. Ra1 f4 48. Ra8 Kf5 49. Rb8 Nd4 50. Rxb6 f3 51. Ne4 Rxe4 52. dxe4+ Kxe4 53. Rf6 Nf5 54. Re6+ Kd3 55. b6 f2 56. b7 f1=Q 57. b8=Q Qg2+ 58. Ka3 Nd4 59. Qb1+ Kxc4 60. Ra6 Nb5+ 0-1

[Event "Sparkassen-Open A"]
[Site "Heusenstamm, Martinsee"]
[Date "2025.11.23"]
[Round "6.18"]
[White "Serbu, Daniel Elias"]
[Black "Papadopoulos, Ioannis"]
[Result "0-1"]
[WhiteElo "2109"]
[BlackElo "2240"]
[PlyCount "36"]
[EventDate "2025.11.20"]
[WhiteTeam "SAbt TuS Makkabi Ffm"]
[BlackTeam "SV Oberursel"]

1. e4 c5 2. c3 Nf6 3. e5 Nd5 4. d4 cxd4 5. cxd4 d6 6. Bc4 Nb6 7. Bb5+ Bd7 8. e6 fxe6 9. Bd3 g6 10. h4 Bg7 11. h5 Bc6 12. hxg6 hxg6 13. Bxg6+ Kd7 14. Bh5 Bxg2 15. Rh2 Bc6 16. Nh3 Qf8 17. Qg4 Qf5 18. Bf4 Rxh5 0-1

[Event "Sparkassen-Open A"]
[Site "Heusenstamm, Martinsee"]
[Date "2025.11.23"]
[Round "6.19"]
[White "Solonar, Stefan"]
[Black "Thomas, Tobias"]
[Result "1/2-1/2"]
[WhiteElo "2250"]
[BlackElo "1994"]
[PlyCount "39"]
[EventDate "2025.11.20"]
[WhiteTeam "SC Heusenstamm"]
[BlackTeam "SK Langen"]

1. Nf3 d5 2. d4 Nf6 3. c4 c6 4. Nc3 e6 5. e3 Nbd7 6. Qc2 Bd6 7. Bd3 dxc4 8. Bxc4 b5 9. Be2 Bb7 10. O-O O-O 11. b3 a6 12. Bb2 Bc8 13. Rac1 c5 14. Qb1 Qe7 15. Rfd1 Rd8 16. dxc5 Bxc5 17. Qa1 Ba3 18. Nd4 Bxb2 19. Qxb2 Ne5 20. Bf1 1/2-1/2

[Event "Sparkassen-Open A"]
[Site "Heusenstamm, Martinsee"]
[Date "2025.11.23"]
[Round "6.20"]
[White "Helmer, Jan"]
[Black "Villwock, Martin"]
[Result "1-0"]
[WhiteElo "2239"]
[BlackElo "2041"]
[PlyCount "51"]
[EventDate "2025.11.20"]
[WhiteTeam "HSK Lister Turm"]
[BlackTeam "Schachfreunde Essen-Katernberg 0"]

1. d4 Nf6 2. c4 c5 3. d5 g6 4. Nc3 Bg7 5. e4 d6 6. h3 O-O 7. Nf3 e6 8. Bd3 exd5 9. exd5 Re8+ 10. Be3 Nh5 11. O-O f5 12. Bg5 Qc7 13. Re1 Rxe1+ 14. Qxe1 Bd7 15. g4 fxg4 16. hxg4 Bxg4 17. Qe8+ Bf8 18. Bh6 Ng7 19. Bxg7 Qxg7 20. Ng5 Nd7 21. Qxa8 Qe7 22. Ne6 Bxe6 23. dxe6 Ne5 24. Be4 Qg5+ 25. Kf1 Nxc4 26. e7 1-0

[Event "Sparkassen-Open A"]
[Site "Heusenstamm, Martinsee"]
[Date "2025.11.23"]
[Round "6.21"]
[White "Klundt, Klaus"]
[Black "Heindrich, Mark"]
[Result "1/2-1/2"]
[WhiteElo "2229"]
[BlackElo "2038"]
[PlyCount "71"]
[EventDate "2025.11.20"]
[WhiteTeam "SC Heusenstamm"]
[BlackTeam "SAbt TuS Dotzheim"]

1. e4 e5 2. Nf3 Nc6 3. Bb5 a6 4. Ba4 Nf6 5. O-O Be7 6. Re1 d6 7. c3 b5 8. Bb3 O-O 9. h3 Nb8 10. d4 Nbd7 11. Nbd2 Bb7 12. Bc2 Re8 13. Nf1 Bf8 14. Ng3 c5 15. d5 c4 16. a4 Qc7 17. Bg5 g6 18. Qd2 Bg7 19. Nh2 Nc5 20. Ng4 Nxg4 21. hxg4 Rab8 22. Ra3 Bc8 23. axb5 axb5 24. f3 Bd7 25. Rea1 Rb7 26. Be3 Reb8 27. Nf1 Be8 28. Qf2 Na4 29. Bc1 f6 30. Ne3 Nc5 31. Nd1 b4 32. cxb4 Rxb4 33. Nc3 Nb3 34. Bxb3 Rxb3 35. Ra6 Bf8 36. R1a2 1/2-1/2

[Event "Sparkassen-Open A"]
[Site "Heusenstamm, Martinsee"]
[Date "2025.11.23"]
[Round "6.22"]
[White "Stephanblome, Felix"]
[Black "Geltz, Noah"]
[Result "1/2-1/2"]
[WhiteElo "2102"]
[BlackElo "2224"]
[PlyCount "37"]
[EventDate "2025.11.20"]
[WhiteTeam "SV 1934 Ffm-Griesheim (V)"]
[BlackTeam "TSV Schönaich"]

1. d4 d5 2. c4 c6 3. Nf3 Nf6 4. e3 e6 5. Nbd2 Nbd7 6. Bd3 Bd6 7. O-O O-O 8. e4 dxe4 9. Nxe4 Nxe4 10. Bxe4 Nf6 11. Bc2 c5 12. Bg5 h6 13. Bh4 cxd4 14. Qd3 Re8 15. c5 Bxc5 16. Ne5 Be7 17. f4 Qd5 18. Rf3 Kf8 19. g4 1/2-1/2

[Event "Sparkassen-Open A"]
[Site "Heusenstamm, Martinsee"]
[Date "2025.11.23"]
[Round "6.23"]
[White "Hoppstädter, Daniel"]
[Black "Mandalka, Justus"]
[Result "1-0"]
[WhiteElo "2214"]
[BlackElo "2006"]
[PlyCount "55"]
[EventDate "2025.11.20"]
[WhiteTeam "SV 1926 Riegelsberg"]
[BlackTeam "SK Bad Homburg 1927"]

1. c4 e5 2. g3 Nc6 3. Bg2 f5 4. Nc3 Nf6 5. e3 g6 6. Nge2 Bg7 7. O-O O-O 8. d4 d6 9. d5 Ne7 10. f4 e4 11. b4 c6 12. Qb3 Kh8 13. Bb2 a5 14. a3 a4 15. Nxa4 cxd5 16. c5 Bd7 17. Nb6 Bb5 18. Nd4 dxc5 19. bxc5 Bxf1 20. Bxf1 Nc6 21. Nxa8 Nxd4 22. Bxd4 Qxa8 23. Rb1 Rf7 24. a4 Ng4 25. Qxd5 Bxd4 26. Qxd4+ Nf6 27. Bc4 Kg8 28. Rb6 1-0

[Event "Sparkassen-Open A"]
[Site "Heusenstamm, Martinsee"]
[Date "2025.11.23"]
[Round "6.24"]
[White "Reitz, Philipp"]
[Black "Holtel, Jasper"]
[Result "0-1"]
[WhiteElo "2046"]
[BlackElo "2365"]
[PlyCount "66"]
[EventDate "2025.11.20"]
[WhiteTeam "VfR-SC Koblenz"]
[BlackTeam "SK Doppelbauer Kiel von 1910 e.V"]

1. d4 Nf6 2. Nf3 g6 3. Nfd2 Bg7 4. e4 O-O 5. Bd3 d6 6. O-O Nc6 7. c3 a6 8. a4 b6 9. Re1 e6 10. Nf1 h6 11. Ng3 e5 12. h3 Kh7 13. Bc4 Qe7 14. d5 Nb8 15. a5 b5 16. Bf1 c6 17. c4 bxc4 18. dxc6 Be6 19. Qa4 Rc8 20. Bxc4 Bxc4 21. Qxc4 Nxc6 22. Qa4 Rab8 23. Rd1 Nd7 24. Be3 Nc5 25. Bxc5 dxc5 26. Qc4 Rb5 27. Rd5 Nxa5 28. Qc3 Nc6 29. Qd2 Nd4 30. Rxa6 Qb7 31. Ra2 c4 32. Rxb5 Qxb5 33. Ra5 c3 0-1

[Event "Sparkassen-Open A"]
[Site "Heusenstamm, Martinsee"]
[Date "2025.11.23"]
[Round "6.25"]
[White "Lutterbach, Jakob"]
[Black "Schmitzer, Klaus"]
[Result "0-1"]
[WhiteElo "2055"]
[BlackElo "2230"]
[PlyCount "84"]
[EventDate "2025.11.20"]
[WhiteTeam "SK Bingen"]
[BlackTeam "SK Münster 32 e. V."]

1. c4 b6 2. Nc3 e6 3. e4 Bb7 4. Nf3 Bb4 5. Bd3 Ne7 6. O-O O-O 7. Bc2 f5 8. Re1 a5 9. d4 Na6 10. Bd2 Qe8 11. a3 fxe4 12. Bxe4 Bxe4 13. Rxe4 Bd6 14. Nb5 Nf5 15. Nxd6 Nxd6 16. Rh4 Nxc4 17. Qc2 Qg6 18. Qxg6 hxg6 19. Bc3 b5 20. Rc1 Rf5 21. h3 Nb8 22. a4 bxa4 23. Ne5 g5 24. Rg4 Nxe5 25. dxe5 Nc6 26. Rxa4 Rf4 27. Ra3 Rb8 28. Rd1 Rf7 29. Bxa5 Rxb2 30. f3 Nxe5 31. Bxc7 Nc4 32. Ra8+ Kh7 33. Kh1 d5 34. Bh2 Ne3 35. Rg1 Re2 36. Re8 Nf5 37. Rd1 Rd7 38. Bg1 Nh4 39. g3 Nxf3 40. Rf1 Nd2 41. Rff8 Ne4 42. Bh2 Rb7 0-1

[Event "Sparkassen-Open A"]
[Site "Heusenstamm, Martinsee"]
[Date "2025.11.23"]
[Round "6.26"]
[White "Wachsmann, Dietmar"]
[Black "Ollenberger, Roland"]
[Result "1-0"]
[WhiteElo "2012"]
[BlackElo "2216"]
[PlyCount "127"]
[EventDate "2025.11.20"]
[WhiteTeam "SC Groß-Umstadt"]
[BlackTeam "SV Worms 1878"]

1. e4 g6 2. d4 Bg7 3. Nf3 d6 4. Nc3 Nf6 5. Be2 a6 6. a4 O-O 7. O-O Nbd7 8. a5 b5 9. axb6 cxb6 10. e5 Ne8 11. Bc4 e6 12. Qe2 Bb7 13. Bg5 Qc7 14. exd6 Nxd6 15. Bxa6 Bxf3 16. Qxf3 Nf5 17. Bf4 Qd8 18. Ne2 Nxd4 19. Nxd4 Bxd4 20. c3 Bg7 21. Rfd1 e5 22. Be3 Qc7 23. Bb5 Rxa1 24. Rxa1 Nc5 25. Ra8 e4 26. Rxf8+ Bxf8 27. Qf6 Ne6 28. Qh4 Qd6 29. Qxe4 Qd1+ 30. Bf1 Qb3 31. g3 b5 32. Qe5 Qxb2 33. Bxb5 Qa1+ 34. Bf1 Qa8 35. Bg2 Qa1+ 36. Bf1 Qa8 37. c4 Qc6 38. h4 Bd6 39. Qb5 Qc7 40. Qe8+ Kg7 41. Kh2 Qa5 42. Bh3 Nf8 43. Bd4+ Kg8 44. Qe4 Qc7 45. Qd5 Qe7 46. c5 Bc7 47. Kg2 Ne6 48. Bxe6 fxe6 49. Qa8+ Qf8 50. Qxf8+ Kxf8 51. Kf3 e5 52. Be3 Ke7 53. Ke4 Ke6 54. f4 exf4 55. Bxf4 Bd8 56. c6 Ba5 57. Kf3 Bc3 58. Ke4 Bf6 59. Kd3 h6 60. Bb8 Bb2 61. Kc4 Ke7 62. Kb5 Kd8 63. Bd6 Bd4 64. Kc4 1-0

[Event "Sparkassen-Open A"]
[Site "Heusenstamm, Martinsee"]
[Date "2025.11.23"]
[Round "6.27"]
[White "Sreeramulu, Aarush"]
[Black "Kupriyanov, Daniel"]
[Result "1/2-1/2"]
[WhiteElo "2064"]
[BlackElo "2197"]
[PlyCount "83"]
[EventDate "2025.11.20"]
[WhiteTeam "SK Marburg 1931/72"]
[BlackTeam "SVKT Bad Camberg 2025"]

1. d4 Nf6 2. c4 g6 3. Nc3 Bg7 4. e4 O-O 5. Nf3 d6 6. Be2 e5 7. dxe5 dxe5 8. Qxd8 Rxd8 9. Bg5 Re8 10. O-O-O Na6 11. Ne1 h6 12. Be3 Ng4 13. Bxg4 Bxg4 14. f3 Be6 15. b3 c6 16. Nd3 b6 17. g4 Rad8 18. h4 Rd7 19. h5 Red8 20. Nb2 Rxd1+ 21. Ncxd1 g5 22. Nc3 Bf8 23. Rd1 Rxd1+ 24. Kxd1 f6 25. Nd3 Kf7 26. Kc2 Ke8 27. a4 Nb4+ 28. Nxb4 Bxb4 29. Na2 Be7 30. Nc1 Kd7 31. Kc3 c5 32. Ne2 Kc6 33. Kc2 a5 34. Nc3 Bd8 35. Kd3 Kd6 36. Nd5 Bc8 37. Nc3 Be6 38. Ne2 Bc8 39. Ng3 Be7 40. Nf5+ Bxf5 41. exf5 Bf8 42. Ke4 1/2-1/2

[Event "Sparkassen-Open A"]
[Site "Heusenstamm, Martinsee"]
[Date "2025.11.23"]
[Round "6.28"]
[White "Lu, Yunong Elias"]
[Black "Schwarz, David"]
[Result "1-0"]
[WhiteElo "2060"]
[BlackElo "2123"]
[PlyCount "59"]
[EventDate "2025.11.20"]
[WhiteTeam "Hamburger SK von 1830 eV"]
[BlackTeam "SF Birkenfeld"]

1. e4 e5 2. Nf3 Nc6 3. Bc4 Nf6 4. d3 h6 5. O-O g5 6. a4 d6 7. Nc3 Bg4 8. Be3 Bg7 9. a5 a6 10. Nd5 O-O 11. c3 Nh5 12. h3 Bxf3 13. Qxf3 Nf4 14. g3 Ng6 15. Qh5 Kh7 16. Kh1 Rc8 17. Ba2 Nxa5 18. f4 f6 19. f5 Nh8 20. h4 Nc6 21. hxg5 fxg5 22. f6 Bxf6 23. Rxf6 Rxf6 24. Bxg5 Rf1+ 25. Rxf1 Qxg5 26. Nf6+ Kg7 27. Ne8+ Rxe8 28. Qxe8 Ne7 29. Bb3 Qh5+ 30. Qxh5 1-0

[Event "Sparkassen-Open A"]
[Site "Heusenstamm, Martinsee"]
[Date "2025.11.23"]
[Round "6.29"]
[White "Marcziter, Dmitrii"]
[Black "Wilhelm, Jochen"]
[Result "1-0"]
[WhiteElo "2165"]
[BlackElo "2031"]
[PlyCount "67"]
[EventDate "2025.11.20"]
[WhiteTeam "Schachgemeinschaft Porz e. V."]
[BlackTeam "SC 1970 Lorsch"]

1. Nf3 d5 2. g3 Nf6 3. Bg2 e6 4. O-O Be7 5. b3 O-O 6. Bb2 b6 7. c4 Bb7 8. d3 c5 9. Nbd2 Nc6 10. a3 a5 11. Qc2 d4 12. e3 dxe3 13. fxe3 Ng4 14. Rfe1 Bf6 15. h3 Bxb2 16. Qxb2 Nf6 17. d4 Qc7 18. g4 cxd4 19. exd4 Ne7 20. Ne5 Bxg2 21. Kxg2 h5 22. Ndf3 a4 23. b4 b5 24. d5 exd5 25. cxb5 Ne4 26. Rac1 Qd6 27. Qd4 hxg4 28. hxg4 Qh6 29. Qe3 Qe6 30. Qf4 Qb6 31. Rc2 Qxb5 32. Rh1 f6 33. Qh2 fxe5 34. Nxe5 1-0

[Event "Sparkassen-Open A"]
[Site "Heusenstamm, Martinsee"]
[Date "2025.11.23"]
[Round "6.30"]
[White "Klein, Levent"]
[Black "Eichschmied, Patrick"]
[Result "1-0"]
[WhiteElo "2142"]
[BlackElo "1998"]
[PlyCount "91"]
[EventDate "2025.11.20"]
[WhiteTeam "SK Kaiserslautern 1905"]
[BlackTeam "MTV Ingolstadt"]

1. d4 Nf6 2. c4 e6 3. Nf3 d5 4. Nc3 Bb4 5. Qa4+ Nc6 6. e3 O-O 7. Bd2 dxc4 8. Bxc4 Qe8 9. Qc2 e5 10. O-O-O exd4 11. Nxd4 Nxd4 12. exd4 Qd8 13. Bg5 Bxc3 14. bxc3 Qd6 15. h3 b5 16. Bd3 Kh8 17. Bxf6 Qxf6 18. Rhe1 Be6 19. Be4 Rac8 20. d5 Bd7 21. Re3 a5 22. Qd3 Qxf2 23. Rd2 Qf6 24. Rf3 Qe5 25. Rdf2 f5 26. Bxf5 Bxf5 27. Rxf5 Rxf5 28. Rxf5 Qe1+ 29. Kb2 Re8 30. Qc2 h6 31. Rf2 b4 32. c4 Qe3 33. Rf3 Qd4+ 34. Kb3 a4+ 35. Kxa4 Ra8+ 36. Kb3 Qc5 37. Qf2 Ra3+ 38. Kb2 Qxf2+ 39. Rxf2 Rc3 40. Rf4 Rg3 41. Rf7 Rxg2+ 42. Kb3 Rg3+ 43. Kxb4 Rxh3 44. Rxc7 Rd3 45. a4 h5 46. a5 1-0

[Event "Sparkassen-Open A"]
[Site "Heusenstamm, Martinsee"]
[Date "2025.11.23"]
[Round "6.31"]
[White "Windmüller, Simon"]
[Black "Schreidl, Michael"]
[Result "1-0"]
[WhiteElo "2137"]
[BlackElo "2027"]
[PlyCount "77"]
[EventDate "2025.11.20"]
[WhiteTeam "SV 1926 Riegelsberg"]
[BlackTeam "SK Frankenthal"]

1. d4 Nf6 2. c4 e6 3. Nf3 Be7 4. Nc3 d5 5. cxd5 exd5 6. Qc2 c6 7. Bf4 Nbd7 8. h3 O-O 9. e3 Re8 10. Bd3 Nf8 11. O-O Bd6 12. Bxd6 Qxd6 13. Rfc1 Qe7 14. Rab1 Ne4 15. b4 Ng6 16. b5 f5 17. bxc6 bxc6 18. Nd1 Bd7 19. Ba6 Qd6 20. Qa4 f4 21. Rb3 Rab8 22. Bb7 fxe3 23. Nxe3 Nf4 24. Rc2 Qg6 25. Bxc6 Nxh3+ 26. Kf1 Rxb3 27. Bxd5+ Kh8 28. Qxb3 Nf4 29. Ne5 Qh5 30. Kg1 Nxg2 31. Bxe4 Be6 32. Qb5 Nxe3 33. Ng6+ hxg6 34. Qxe8+ Bg8 35. fxe3 Qg4+ 36. Kf2 Qh4+ 37. Ke2 Qh5+ 38. Bf3 Qf5 39. Rc1 1-0